Greek Mythology - God, Human, or Demigod? - Statistics

General Stats
  • This quiz has been taken 215 times
    148 since last reset
  • The average score is 15 of 20
Answer Stats
Question Answer % Correct
Zeus God
100%
Aphrodite God
98%
Hephaestus God
96%
Persephone God
90%
Cronus God
90%
Paris Human
86%
Heracles Demigod
85%
Hector Human
82%
Hecate God
81%
Atlas God
79%
Odysseus Human
78%
Styx God
77%
Pandora Human
72%
Oedipus Human
72%
Achilles Demigod
66%
Circe God
60%
Clytemnestra Human
60%
Eurycleia Human
53%
Eumaeus Human
50%
Helen of Troy Demigod
42%
No matching quizzes found
Score Distribution
Percent of People with Each Score
Percentile by Number Answered
Your Score History
You have not taken this quiz since the last reset